The Economic Crisis of Euro-zone

Bibliographic Details
Main Author: Kraveishvili Omari
Other Authors: Moldicz Dr. Csaba
Format: Thesis
Kulcsszavak:Gazdasági válság
Euro
Európai Unió
Online Access:http://dolgozattar.uni-bge.hu/13826

MARC

LEADER 00000nta a2200000 i 4500
001 dolg13826
005 20180627145551.0
008 171211suuuu hu om 000 eng d
040 |a BGE Dolgozattár Repozitórium  |b hun 
041 |a en 
100 1 |a Kraveishvili Omari 
245 1 4 |a The Economic Crisis of Euro-zone  |c Kraveishvili Omari  |h [elektronikus dokumentum] 
695 |a Gazdasági válság 
695 |a Euro 
695 |a Európai Unió 
700 1 |a Moldicz Dr. Csaba  |e ths 
856 4 0 |u http://dolgozattar.uni-bge.hu/13826/1/OMARI%20KRAVEISHVILI%20THEISIS%20%28PDF%29.pdf  |z Dokumentum-elérés